Global water security (Record no. 110640)

MARC details
000 -LEADER
fixed length control field 01286cad a22002175a 4500
001 - CONTROL NUMBER
control field E149816
008 - FIXED-LENGTH DATA ELEMENTS--GENERAL INFORMATION
fixed length control field 100430s2010 xxk f 000 0 eng d
020 ## - INTERNATIONAL STANDARD BOOK NUMBER
International Standard Book Number 1903496551
035 ## - SYSTEM CONTROL NUMBER
System control number (Sirsi) u149816
041 0# - LANGUAGE CODE
Language code of text/sound track or separate title eng
110 2# - MAIN ENTRY--CORPORATE NAME
Corporate name or jurisdiction name as entry element Royal Academy of Engineering
9 (RLIN) 1610
245 00 - TITLE STATEMENT
Title Global water security
Remainder of title an engineering perspective
Medium [electronic resource]
260 ## - PUBLICATION, DISTRIBUTION, ETC.
Place of publication, distribution, etc. London
Name of publisher, distributor, etc. Royal Academy of Engineering
Date of publication, distribution, etc. 2010
505 2# - FORMATTED CONTENTS NOTE
Formatted contents note Foreword by Professor Peter Guthrie -- Executive summary -- Introduction, scope and definitions -- Managing the water cycle -- Pressures on water supply -- Pressures on demand -- Economic impact -- Tackling threats to water security -- New and better technologies, techniques and practices -- Tools to support policy development -- Conclusions and recommendations -- References -- Annexes
520 ## - SUMMARY, ETC.
Summary, etc. Looks at the global issue of water security and its implications for the UK. Makes recommendations for policies and further research to tackle the problem.
590 ## - LOCAL NOTE (RLIN)
Local note KA
651 #4 - SUBJECT ADDED ENTRY--GEOGRAPHIC NAME
Geographic name International
690 ## - LOCAL SUBJECT ADDED ENTRY--TOPICAL TERM (OCLC, RLIN)
Topical term or geographic name as entry element ENVIRONMENTAL AND LAND CONSULTANCY-WATER RESOURCE MANAGEMENT
856 40 - ELECTRONIC LOCATION AND ACCESS
Uniform Resource Identifier <a href="https://www.raeng.org.uk/news/publications/list/reports/Global_Water_Security_report.pdf">https://www.raeng.org.uk/news/publications/list/reports/Global_Water_Security_report.pdf</a>
Public note View the report free of charge at www.raeng.org.uk
942 ## - ADDED ENTRY ELEMENTS (KOHA)
Suppress in OPAC 0
Holdings
Withdrawn status Lost status Source of classification or shelving scheme Damaged status Not for loan Home library Current library Shelving location Date acquired Total Checkouts Full call number Barcode Date last seen Copy number Price effective from Koha item type
    Dewey Decimal Classification     Virtual Virtual Online 30/04/2010   ONLINE PUBLICATION 149816-2001 06/08/2019 1 06/08/2019 Book